| 000 | 00576nam a22001937a 4500 | ||
|---|---|---|---|
| 003 | OSt | ||
| 008 | 240514b2021 |||||||| |||| 00| 0 eng d | ||
| 020 | _a9789354244773 | ||
| 082 |
_a658.4031 _bBOU-R |
||
| 100 | _aBougie, Roger | ||
| 245 |
_aResearch methods for business : _ba skill-building approach / _cRoger Bougie, Uma Sekaran and Mala Srivastava. |
||
| 250 | _a8th | ||
| 260 |
_aNew Delhi : _bWiley India, _c2021. |
||
| 300 | _axxxiii, 481 p. ; | ||
| 650 | _aBusiness -Research-Methodology | ||
| 700 | _aSekaran, Uma | ||
| 700 | _aSrivastava, Mala | ||
| 942 |
_2ddc _cBK |
||
| 999 |
_c20475 _d20475 |
||